China's limits to growth : greening state and society (Record no. 128518)

MARC details
000 -LEADER
fixed length control field 00654nam a2200217Ia 4500
008 - FIXED-LENGTH DATA ELEMENTS--GENERAL INFORMATION
fixed length control field 191130s2006##################000#0#eng##
020 ## - INTERNATIONAL STANDARD BOOK NUMBER
ISBN 9781405153904
082 ## - DEWEY DECIMAL CLASSIFICATION NUMBER
Classification number 302.4051 HO
100 ## - MAIN ENTRY--AUTHOR NAME
Personal name Ho, Peter
245 ## - TITLE STATEMENT
Title China's limits to growth : greening state and society
Statement of responsibility, etc Peter ho et.al
260 ## - PUBLICATION, DISTRIBUTION, ETC. (IMPRINT)
Place of publication Australia
Name of publisher Blackwell
Year of publication 2006
300 ## - PHYSICAL DESCRIPTION
Number of Pages ix.,275p ;ill ;23cm
500 ## - GENERAL NOTE
General note Includes bibliographical references
650 ## - SUBJECT ADDED ENTRY--TOPICAL TERM
Topical Term China
Topical Term Economic development--Environmental aspects(76)
Topical Term Environmental policy
991 ## -
-- 249743
Holdings
Withdrawn status Lost status Damaged status Not for loan Home library Current library Date acquired Full call number Accession Number Price effective from Koha item type
        Anna Centenary Library Anna Centenary Library 12.10.2020 302.4051 HO 131975 12.10.2020 English Books

Find us on the map